Responses for Show #3796 - Monday, February 19, 2001

Contestants

[<< previous game]

Brooke Scarpa, a web design manager from Boston, Massachusetts

Kent Coker, an advertising sales representative from River Ridge, Louisiana

Mark Stacy, a newspaper copy editor from Morgantown, West Virginia (whose 3-day cash winnings total $13,200)

[next game >>]

Jeopardy! Round responses

THE ARTS THE NEW YORK TIMES
HISTORIC NAMES
'90s SITCOMS
LITERARY CHARACTERS
THAT'S JUST "GREAT"
JEOPARDY! PLACE
(Alex: Another exciting category dedicated to our ongoing soap opera!)
    $100 11
Vincent Van Gogh

Kent
    $100 24
Mary I ("Bloody Mary")

Mark
    $100 1
The Simpsons

Mark
    $100 16
On the Road

Kent
    $100 6
the Great Lakes

Mark
    $100 19
"Don't Worry, Be Happy"

Kent
    $200 12
Boston

Brooke
    $200 25
Emperor Hirohito

Triple Stumper
    $200 2
Frasier Crane

Mark
    $200 17
Lord Jim

Kent
    $200 7
great minds

Mark
    $200 20
São Paulo

Kent
    $300 13
Westminster Abbey

Kent
    $1,400 26
the Marquis de Lafayette

Mark
    $300 3
Mad About You

Kent
    $300 18
Rabbit Angstrom

Mark
    $300 8
Great Expectations

Mark
    $300 21
(Brooke: What is a hemologist?)
(Mark: What is a phlebotomist?)

Hematologist

MarkBrooke
Triple Stumper
    $400 14
Lincoln Center

Kent
    $400 27
Suleiman

Triple Stumper
    $400 4
The Drew Carey Show

Triple Stumper
    $400 22
Miss Moneypenny

Kent
    $400 9
(Brooke: What is the Great Divide?)

the Great Plains

MarkBrooke
    $500 15
The Best Man

Triple Stumper
    $500 28
[The end-of-round signal sounds.]

Robert the Bruce

Triple Stumper
    $500 5
Dave's World

Mark
    $500 23
(Mark: Who is King Arthur?)
...
(Alex: Less than a minute to go.)

Parsifal (or Percival)

MarkKent
    $500 10
Frederick the Great (of Prussia)

Triple Stumper

Scores at the first commercial break (after clue 15):

Mark Kent Brooke
$1,800 $1,100 -$200

Scores at the end of the Jeopardy! Round:

Mark Kent Brooke
$2,800 $2,600 -$500

Double Jeopardy! Round responses

SCIENTISTS & INVENTORS
"B" SURE
BIG SCREEN BRAINBUSTERS
TRIP
THE LIGHT
FANTASTIC
    $200 19
Alexander Graham Bell

Kent
    $200 1
a baboon

Mark
    $200 13
The Good, the Bad and the Ugly

Kent
    $200 4
Hungary

Mark
    $200 17
(Brooke: What is a lovelight?)

Heartlight

KentBrooke
    $200 2
Xena

Mark
    $400 20
a seismograph

Mark
    $400 9
(Brooke: What is bouillabaisse?)

bisque

MarkBrooke
    $400 14
Soylent Green

Mark
    $400 5
(Brooke: What is the British Museum?)

the Victoria and Albert Museum

KentBrooke
    $400 21
whale oil

Kent
    $400 3
Alice in Wonderland

Kent
    $600 23
Richard Gatling

Kent
    $2,000 10
Basque

Mark
    $600 15
Wesley Snipes

Triple Stumper
    $600 6
(Kent: What is Paris?)
(Mark: What is New Orleans?)

Montreal

MarkKentBrooke
    $600 22
electrons

Triple Stumper
    $800 24
Velcro

Mark
    $800 11
(Mark: What is Budapest?)

Bratislava

Mark
Triple Stumper
    $800 16
(Kent: What is the Midway?)

the Nimitz

Kent
Triple Stumper
    $800 7
Nice

Brooke
    $1000 25
(Kent: Who is Newton?)
...
[The end-of-round signal sounds.]
(Alex: Brooke, darn it, you weren't able to get on track today.)

Johannes Kepler

Kent
Triple Stumper
    $1000 12
(Brooke: What is Baroque?)

Biedermeier

Brooke
Triple Stumper
    $1000 18
(Alex: Less than a minute to go, Kent.)

Call Northside 777

Triple Stumper
    $800 8
(Brooke: What is Spain?)

Portugal

Brooke

Scores at the end of the Double Jeopardy! Round:

Mark Kent Brooke
$6,000 $2,600 -$1,900
(lock game)

[wagering suggestions for these scores]

Final Jeopardy! Round responses

THE U.S. SPACE PROGRAM
(Alex: Remember it?... Still going on!)
KentWhat is 3?
$2,600
MarkWhat is 5?
$700
6 (Apollo 11, 12, 14, 15, 16 & 17)

Final scores:

Mark Kent Brooke
$5,300 $0 -$1,900
4-day champion: $18,500 2nd place: a trip to Stockholm, Sweden, courtesy of Priceline.com 3rd place: Epson digital camera + printer

Game dynamics:

Coryat scores:

Mark Kent Brooke
$3,500 $2,600 -$1,100
18 R
(including 2 DDs),
4 W
17 R,
3 W
3 R,
7 W
(including 1 DD)

Combined Coryat: $5,000

[game clues] [game scores] [suggest correction]

Game tape date: 2000-11-15
The J! Archive is created by fans, for fans. Scraping, republication, monetization, and malicious use prohibited; this site may use cookies and collect identifying information. See terms. The Jeopardy! game show and all elements thereof, including but not limited to copyright and trademark thereto, are the property of Jeopardy Productions, Inc. and are protected under law. This website is not affiliated with, sponsored by, or operated by Jeopardy Productions, Inc. Join the discussion at JBoard.tv.